Los ricos no quieren pagar impuestos /

Enregistré dans:
Détails bibliographiques
Auteur principal: O'Kane, Trish
Format: Texte
Sujets:
Tags: Ajouter un tag
Pas de tags, Soyez le premier à ajouter un tag!

MARC

LEADER 00000 a a2200000 04500
001 7077
003
040
100 |a O'Kane, Trish  
245 |a Los ricos no quieren pagar impuestos /  |c Trish O'Kane 
650 |a IMPUESTOS  
650 |a EVASION TRIBUTARIA  
650 |a ONU  
650 |a PAZ  
650 |a FUERZAS ARMADAS  
650 |a ESTADO  
650 |a CORRUPCION  
773 |g volumen 13, número 148; páginas 45-49  
999 |c 35135  |d 35135